000 01054nam a2200337Ia 4500
001 Para_1646
003 CHAP
008 220125s1994 xx 000 0 und d
010 _a200283
020 _a968-884-278-8
040 _cCHAP
082 _aPA 338.97232 P47
100 _aPerales Rivas, Martha A.
_9165156
245 _aDesarrollo sostenible de los agroecosistemas del sur de Sinaloa :
_b Año 1, 1993-1994 /
_c Martha A. Perales Rivas, Luis. E. Fregoso Tirado
260 _aMéxico :
_b UACh
300 _a277 p.
650 _aAgricultura
_x innovaciones tecnológicas
_91565
650 _aAgricultura
_x Sinaloa
_91794
650 _aAgricultura sustentable
650 _aDesarrollo sustentable
650 _aEcología agrícola
_935165
650 _aEcosistema
_935290
700 _aFregoso Tirado, Luis Enrique, ed.
_9165157
901 _aPA 338.97232 P47
902 _aM
905 _a3232221994 mx i 8000000300spa06
910 _a1994
942 _cPARA
942 _cPARA
_d1
999 _c200283
_d200283